000 00465nam a22001577a 4500
005 20240904144336.0
008 240904b |||||||| |||| 00| 0 eng d
022 _a16824490
082 _a349 TYD
100 _lAfrikaans
245 _aTydskrif vir Hedendaagse Romeins-Hollandse Reg 2024
260 _aDurban:
_bLexisNexis (Edms) Bpk,
_c2024
300 _b136 pages;
_c26 cm.
650 _aLegal practice
_bLaw
942 _cBK
_6ALISON_BN_VRIES
999 _c3014
_d3014